01296 2200241 4500001002100000005001500021035002000036008004100056020001800097041000800115082001000123084001600133100002000149245009000169260003100259300003100290504002800321520062200349650002000971700001500991990002401006990002401030INLIS00000000000146320221017084405 a0010-0520001463221017 | | eng  a0-415-23150-7 aeng a305.8 a305.8 REI d0 aReisigl, Martin1 aDiscourse and Discrimination : Rhetorics of racism and Antisemitism /cMartin Reisigl aLondon :bRoutledge,c2001 axlv, 298 p; 23 cm ;c23 cm aBibliography p. 272-290 aThis is an important book for anyone with interests from the discursive theory of racism to today's Austrian/European Political Crisis. Discourse and Discrimination is a study of how racism, antisemitism and ethnicism are reflected in discourse. The authors first survey established discourse-analysis approaches, discussing the strengths and weaknesses of each, and then provide their own model of critical discourse analysis. using this model, the authors present three case studies. while the focus of these studies is on racism in Austria, the approach is relevant for the study of discrimintation in any context. 4a1. Hubungan Ras0 aRuth Wodak a01282/MKRI-P/I-2005 a01282/MKRI-P/I-2005